Mathematics (Record no. 17013)

000 -LEADER
fixed length control field 00274nam a22001097a 4500
008 - FIXED-LENGTH DATA ELEMENTS--GENERAL INFORMATION
fixed length control field 140219t xxu||||| |||| 00| 0 eng d
020 ## - INTERNATIONAL STANDARD BOOK NUMBER
International Standard Book Number 0-382-37984-5
100 ## - MAIN ENTRY--PERSONAL NAME
Personal name Silver burdett Ginn
9 (RLIN) 756
245 ## - TITLE STATEMENT
Title Mathematics
Remainder of title the path to math success!
300 ## - PHYSICAL DESCRIPTION
Extent J16
942 ## - ADDED ENTRY ELEMENTS (KOHA)
Source of classification or shelving scheme
Koha item type Book
Holdings
Withdrawn status Lost status Source of classification or shelving scheme Damaged status Not for loan Collection code Permanent Location Current Location Date acquired Total Checkouts Full call number Barcode Date last seen Price effective from Koha item type
            Atta-ur-Rahman School of Applied Biosciences (ASAB) Atta-ur-Rahman School of Applied Biosciences (ASAB) 02/19/2014   510.01 GIN ASAB861 02/19/2014 02/19/2014 Book
            Atta-ur-Rahman School of Applied Biosciences (ASAB) Atta-ur-Rahman School of Applied Biosciences (ASAB) 02/19/2014   510.01 GIN ASAB860 02/19/2014 02/19/2014 Book
© 2023 Central Library, National University of Sciences and Technology. All Rights Reserved.